Online
Catalog

Compendio de ensayos en materia electoral y del estado civil / (Record no. 55918)

MARC details
000 -CABECERA
campo de control de longitud fija 01801nam a2200313 i 4500
003 - IDENTIFICADOR DEL NÚMERO DE CONTROL
campo de control DO-SdBNP
005 - FECHA Y HORA DE LA ÚLTIMA TRANSACCIÓN
campo de control 20260429123224.0
007 - CAMPO FIJO DE DESCRIPCIÓN FÍSICA--INFORMACIÓN GENERAL
campo de control de longitud fija ta
008 - DATOS DE LONGITUD FIJA--INFORMACIÓN GENERAL
campo de control de longitud fija 240212b2022 dr ||||| |||| 00| 0 spa d
020 ## - NÚMERO INTERNACIONAL ESTÁNDAR DEL LIBRO
Número Internacional Estándar del Libro 9789945927528
040 ## - FUENTE DE LA CATALOGACIÓN
Centro catalogador/agencia de origen DO-SdBNP
Lengua de catalogación spa
Centro/agencia transcriptor BNPHU
Normas de descripción rda
082 #4 - NÚMERO DE LA CLASIFICACIÓN DECIMAL DEWEY
Número de clasificación 323.04097293
Número de documento/Ítem R426c
Número de edición 22
111 1# - ENTRADA PRINCIPAL--NOMBRE DE CONGRESO/REUNIÓN
Nombre de congreso/reunión o jurisdicción como elemento de entrada Concurso Nacional de Ensayo "Democracia e Identidad "
Número del congreso/reunión o número de parte o sección (1 :
Fecha del congreso/reunión 2022
Sede del congreso/Lugar de la reunión Santo Domingo )
9 (RLIN) 85053
245 10 - MENCIÓN DE TÍTULO
Título Compendio de ensayos en materia electoral y del estado civil /
Mención de responsabilidad, etc. Concurso Nacional de Ensayo ''Democracia e Identidad 2022''; coordinación editorial, Gustavo Adolfo Jiménez Rodríguez, Mercedes Alcántara Rodríguez
264 ## - PRODUCCIÓN, PUBLICACIÓN, DISTRIBUCIÓN, FABRICACIÓN Y COPYRIGHT
Producción, publicación, distribución, fabricación y copyright Santo Domingo :
Nombre del de productor, editor, distribuidor, fabricante Junta Central Electoral,
Fecha de producción, publicación, distribución, fabricación o copyright 2022.
300 ## - DESCRIPCIÓN FÍSICA
Extensión 283 páginas ;
Dimensiones 24 cm.
336 ## - TIPO DE CONTENIDO
Fuente rdacontent
Término de tipo de contenido texto
Código de tipo de contenido txt
337 ## - TIPO DE MEDIO
Fuente rdamedia
Nombre/término del tipo de medio sin mediación
Código del tipo de medio n
338 ## - TIPO DE SOPORTE
Fuente rdacarrier
Nombre/término del tipo de soporte volumen
Código del tipo de soporte nc
500 ## - NOTA GENERAL
Nota general Incluye referencias bibliográficas y notas al pie de las páginas
505 ## - NOTA DE CONTENIDO CON FORMATO
Nota de contenido con formato Prefacio--
Título Presentación --
-- Primer lugar /
Mención de responsabilidad Karina Noelia Espinal--
Título Segundo lugar /
Mención de responsabilidad Jonathan Abel Peralta Ovalle --
-- Tercer Lugar /
-- Josephine América Peña Núñez --
Título Cuarto lugar /
Mención de responsabilidad Pablo Vicente Batista --
Título Quinto lugar /
Mención de responsabilidad Raykeny de Jesús Rodríguez Rosario --
Título Ensayos con mención /
Mención de responsabilidad Elisa Alexandra Abreu Jiménez, Santo Miguel Octavo Román-García, Rosanny Albertina Medina Tejada, Brianda María MercedesTrujillo Florez Estrada, Stefany María Peña Hernández.
590 ## - NOTA LOCAL (RLIN)
Nota local Inventariado 2024 / DG
650 #0 - PUNTO DE ACCESO ADICIONAL DE MATERIA--TÉRMINO DE MATERIA
Término de materia o nombre geográfico como elemento de entrada Participación política
9 (RLIN) 456
650 #4 - PUNTO DE ACCESO ADICIONAL DE MATERIA--TÉRMINO DE MATERIA
Término de materia o nombre geográfico como elemento de entrada Mujeres en la política
Subdivisión geográfica República Dominicana
9 (RLIN) 6586
700 1# - PUNTO DE ACCESO ADICIONAL--NOMBRE DE PERSONA
9 (RLIN) 23002
Nombre de persona Jiménez Rodríguez, Gustavo Adolfo,
Término indicativo de función/relación coordinación editorial
700 1# - PUNTO DE ACCESO ADICIONAL--NOMBRE DE PERSONA
Nombre de persona Alcántara Rodríguez, Mercedes,
Término indicativo de función/relación coordinación editorial
9 (RLIN) 85054
910 ## - DATOS DE OPCIÓN DEL USUARIO (OCLC)
Datos de opción del usuario Btavárez
942 ## - ELEMENTOS DE PUNTO DE ACCESO ADICIONAL (KOHA)
Fuente del sistema de clasificación o colocación Dewey Decimal Classification
Tipo de ítem Koha Libro
Holdings
Estado de retiro Estado de pérdida Fuente del sistema de clasificación o colocación Restricciones de uso No para préstamo Código de colección Localización permanente Ubicación/localización actual Ubicación en estantería Fecha de adquisición Fuente de adquisición Total de préstamos Signatura topográfica completa Código de barras Fecha visto por última vez Precio válido a partir de Tipo de ítem Koha Número de copia
    Dewey Decimal Classification Excluido de préstamo   Patrimonio Dominicano Biblioteca Nacional Pedro Henríquez Ureña Biblioteca Nacional Pedro Henríquez Ureña En catalogación 12.02.2024 Deposito legal   BNPHU PD 323.04097293 R426c 2024-1020 12.02.2024 12.02.2024 Libro  
    Dewey Decimal Classification Excluido de préstamo   Patrimonio Dominicano Biblioteca Nacional Pedro Henríquez Ureña Biblioteca Nacional Pedro Henríquez Ureña En catalogación 15.03.2024 Deposito legal   BNPHU PD 323.04097293 R426c 2024-1504 15.03.2024 15.03.2024 Libro e.2
    Dewey Decimal Classification Préstamo en sala   Dominicana de Servicio Biblioteca Nacional Pedro Henríquez Ureña Biblioteca Nacional Pedro Henríquez Ureña En catalogación 15.03.2024 Deposito legal   BNPHU DS 323.04097293 R426c 2024-1505 15.03.2024 15.03.2024 Libro e.3
    Dewey Decimal Classification Préstamo en sala   Dominicana de Servicio Biblioteca Nacional Pedro Henríquez Ureña Biblioteca Nacional Pedro Henríquez Ureña En catalogación 15.03.2024 Donación   BNPHU DS 323.04097293 R426c 2024-1506 15.03.2024 15.03.2024 Libro e.4

Powered by Koha